|
|
|
|
| LEADER |
01236nam a2200277 a 4500 |
| 001 |
c000227266 |
| 003 |
CARM |
| 005 |
20061211102333.0 |
| 008 |
061206s1984 vraa 000 0 eng d |
| 019 |
1 |
|
|a 41358774
|5 LACONCORD2021
|
| 035 |
|
|
|a (OCoLC)225023038
|5 LACONCORD2021
|
| 040 |
|
|
|a VCAV
|c VCAV
|
| 042 |
|
|
|a anuc
|
| 082 |
0 |
4 |
|a 711.58099451
|
| 245 |
0 |
0 |
|a Siting standards for dwellings in Victoria :
|b automatic approval standard : discretionary control standard /
|c Melbourne Metropolitan Board of Works & Department of Planning ; consultants Peter Elliott Architects, Peter Williams, Gary Boag Architects.
|
| 260 |
|
|
|a [Melbourne :
|b Melbourne and Metropolitan Board of Works,
|c 1984].
|
| 300 |
|
|
|a 40 p. :
|b ill. ;
|c 29 cm.
|
| 650 |
|
0 |
|a Dwellings
|z Victoria.
|
| 650 |
|
0 |
|a Regional planning
|z Victoria.
|
| 710 |
1 |
|
|a Victoria.
|b Dept. of Planning
|
| 710 |
2 |
|
|a Melbourne and Metropolitan Board of Works.
|
| 710 |
2 |
|
|a Peter Elliott Pty. Ltd.
|
| 710 |
2 |
|
|a Peter Williams, Gary Boag Pty. Ltd.
|
| 852 |
8 |
|
|b CARM
|h A2:AH26H0
|i F01298
|p 0340074
|f BK
|
| 999 |
f |
f |
|i a59b229d-44df-575d-b4ba-070c88cc1580
|s c353f57a-4f42-54d7-a75c-63a39a5865a6
|
| 952 |
f |
f |
|p Can circulate
|a CAVAL
|b CAVAL
|c CAVAL
|d CARM 1 Store
|e F01298
|f A2:AH26H0
|h Other scheme
|i book
|m 0340074
|